Central Library OPAC University of Rajshahi

ইস্পাত / (Record no. 40269)

MARC details
000 -LEADER
fixed length control field 01020nam a2200241 a 4500
001 - CONTROL NUMBER
control field 40269
003 - CONTROL NUMBER IDENTIFIER
rucl marc code BD-RjUL
005 - DATE AND TIME OF LATEST TRANSACTION
control field 20211209053200.0
008 - FIXED-LENGTH DATA ELEMENTS--GENERAL INFORMATION
fixed length control field 160427s1954 ii ||||| |||| 00| f ben d
020 ## - INTERNATIONAL STANDARD BOOK NUMBER
Terms of availability : Tk. 6.50
035 ## - SYSTEM CONTROL NUMBER
System control number (BD-RjUL) 40384
040 ## - CATALOGING SOURCE
Original cataloging agency BD-RjUL
Language of cataloging ben
Transcribing agency BD-RjUL
041 ## - LANGUAGE CODE
Language code of text/sound track or separate title ben
082 ## - DEWEY DECIMAL CLASSIFICATION NUMBER
Edition number 23
Classification number 891.73
Author mark and year OSI 1954
100 ## - MAIN ENTRY--PERSONAL NAME
Personal name অস্ত্রোভস্কি, নিকোলাই
9 (RLIN) 124090
245 10 - TITLE STATEMENT
Title ইস্পাত /
Statement of responsibility, etc. নিকোলাই অস্ত্রোভস্কি ; অনুবাদক : রবীন্দ্র মজুমদার
260 ## - PUBLICATION, DISTRIBUTION, ETC. (IMPRINT)
Place of publication, distribution, etc. কলিকাতা :
Name of publisher, distributor, etc. ন্যাশনাল বুক এজেন্সি লিমিটেড,
Date of publication, distribution, etc. ১৯৫৪
300 ## - PHYSICAL DESCRIPTION
Pagination [৪], ৪১০ পৃ. ;
Size ২১ সেমি.
650 ## - SUBJECT ADDED ENTRY--TOPICAL TERM
Topical term or geographic name as entry element রাশিয়ান উপন্যাস
9 (RLIN) 122082
Topical term or geographic name as entry element Russian Fiction
9 (RLIN) 122083
700 ## - ADDED ENTRY--PERSONAL NAME
Personal name মজুমদার, রবীন্দ্র, অনুবাদক
942 ## - ADDED ENTRY ELEMENTS (KOHA)
Source of classification or shelving scheme Dewey Decimal Classification
Koha item type Books
Holdings
Lost status Source of classification or shelving scheme Damaged status Not for loan Collection code Permanent Location Current Location Shelving location Date acquired Source of acquisition Cost, normal purchase price Total Checkouts Full call number Date last seen Copy number Koha item type
  Dewey Decimal Classification   Not For Loan Fiction Central Library, University of Rajshahi Central Library, University of Rajshahi Reading Room 07/10/1959 Provinecial Library, Dhaka 6.00   B 891.73 OSI 1954 27/04/2016 C-1 Books